قواعد العربية للصم والبكم : (رقم التسجيلة. 121174)
[ عرض عادي ]
| 000 -الفاتح | |
|---|---|
| عناصر البيانات ثابتة الطول | 00876cam a2200217 i 4500 |
| 005 - تاريخ ووقت آخر معاملة | |
| حقل ضبط | 20260223094544.0 |
| 008 - عناصر البيانات ثابتة الطول | |
| عناصر البيانات ثابتة الطول | 250721s2010 jo gr 000 0 ara d |
| 020 ## - الترقيم الدولي المعياري للكتب (ردمك) | |
| الترقيم الدولي المعياري للكتب (ردمك) | 9789957024062 |
| 082 14 - رقم تصنيف ديوي العشري | |
| رقم التصنيف | 409 |
| رقم المادة | د ر ي |
| 100 1# - مدخل رئيسي – اسم شخصي | |
| الاسم الشخصي | أبو دريع، سامر |
| علاقة الشخص بالعمل/ دوره | مؤلف. |
| 245 10 - بيان العنوان | |
| العنوان | قواعد العربية للصم والبكم : |
| بقية العنوان | لغة الإشارة / |
| بيان المسؤولية | المؤلفون أ.سامر محمد أبو ربيع، د. ياسمين سعد كليب، أ. خالد الذكير. |
| 250 ## - بيان الطبعة | |
| بيان الطبعة | الطبعة الولى. |
| 264 31 - بيانات النشر، التوزيع…إلخ | |
| مكان النشر، التوزيع...إلخ | عمان : |
| اسم الناشر، الموزع...إلخ | دار مجدلاوي للنشر، |
| تاريخ النشر، التوزيع...إلخ | 2010. |
| 300 ## - الوصف المادي | |
| عدد الوحدات المكونة للوعاء | 272 صفحة. |
| 650 17 - مدخل إضافي بالموضوع - مصطلح موضوعي | |
| مصطلح موضوعي أو اسم جغرافي كعنصر مدخل | لغة الإشارة. |
| 650 17 - مدخل إضافي بالموضوع - مصطلح موضوعي | |
| مصطلح موضوعي أو اسم جغرافي كعنصر مدخل | البكم و الصمم. |
| 700 1# - مدخل إضافي - اسم شخصي | |
| الاسم الشخصي | كليب، ياسمين سعد |
| علاقة الشخص بالعمل/ دوره | مؤلف. |
| 700 1# - مدخل إضافي - اسم شخصي | |
| الاسم الشخصي | الذكير، خالد سليمان |
| تواريخ خاصة بالشخص | مؤلف. |
| 942 ## - بيانات إضافية (كوها) | |
| نوع التنصيف | Dewey Decimal Classification |
| نوع المادة (كوها) | كتب |
| حالة السحب | حالة الفقدان | مصدر التصنيف | حالة التلف | غير قابل للإعارة | المكتبة الرئيسية | المكتبة الحالية | موقع الرف | تاريخ التزويد | الرقم المتسلسل | Total Checkouts | رقم الإستدعاء | الباركود | تاريخ آخر ظهور | تاريخ الفاتورة | نوع المادة (كوها) |
|---|---|---|---|---|---|---|---|---|---|---|---|---|---|---|---|
| Dewey Decimal Classification | المكتبة المركزية | المكتبة المركزية | الإعارة | 28/07/2025 | 1383991 | 409 / د ر ي | PLD00160743 | 28/07/2025 | 28/07/2025 | كتب | |||||
| Dewey Decimal Classification | المكتبة المركزية | المكتبة المركزية | مقتنيات قسم التزويد | 28/07/2025 | 1383994 | 409/دري | 28/07/2025 | 28/07/2025 | كتب | ||||||
| Dewey Decimal Classification | المكتبة المركزية | المكتبة المركزية | مقتنيات قسم التزويد | 28/07/2025 | 1489929 | 409/دري | 28/07/2025 | 28/07/2025 | كتب | ||||||
| Dewey Decimal Classification | مكتبة أبو علندا العامة | مكتبة أبو علندا العامة | الإعارة | 15/09/2010 | 1383995 | 409/دري | PLD00160779 | 28/07/2025 | 15/09/2010 | كتب | |||||
| Dewey Decimal Classification | مكتبة أم قصير والمقابلين العامة | مكتبة أم قصير والمقابلين العامة | الإعارة | 15/09/2010 | 1384002 | 409/دري | PLD00160785 | 28/07/2025 | 15/09/2010 | كتب | |||||
| Dewey Decimal Classification | مكتبة الأميرة ايمان العامة | مكتبة الأميرة ايمان العامة | الإعارة | 15/09/2010 | 1383996 | 409/دري | PLD00160780 | 28/07/2025 | 15/09/2010 | كتب | |||||
| Dewey Decimal Classification | مكتبة الاميرة بديعة | مكتبة الاميرة بديعة | الإعارة | 15/09/2010 | 1383997 | 409/دري | PLD00160781 | 28/07/2025 | 15/09/2010 | كتب | |||||
| Dewey Decimal Classification | مكتبة الجويدة | مكتبة الجويدة | الإعارة | 15/09/2010 | 1383998 | 409/دري | PLD00160782 | 28/07/2025 | 15/09/2010 | كتب | |||||
| Dewey Decimal Classification | مكتبة النصر العامة | مكتبة النصر العامة | الإعارة | 15/09/2010 | 1384000 | 409/دري | PLD00160784 | 28/07/2025 | 15/09/2010 | كتب | |||||
| Dewey Decimal Classification | مكتبة حمزة العامة | مكتبة حمزة العامة | الإعارة | 15/09/2010 | 1384005 | 409/دري | PLD00160788 | 28/07/2025 | 15/09/2010 | كتب | |||||
| Dewey Decimal Classification | مكتبة وادي السير العامة | مكتبة وادي السير العامة | الإعارة | 15/09/2010 | 1384006 | 409/دري | PLD00160789 | 28/07/2025 | 15/09/2010 | كتب |